[Event "BSSZ_Aranytiz_IM"]
[Site "Budapest"]
[Date "2020.08.25"]
[Round "5.3"]
[White "Geher, Koppany"]
[Black "Mouhamad, Joachim"]
[Result "1/2-1/2"]
[WhiteElo "2326"]
[BlackElo "2272"]
[PlyCount "145"]
[EventDate "2020.??.??"]

1. e4 e5 2. Nf3 Nc6 3. Bc4 Nf6 4. Ng5 d5 5. exd5 Na5 6. Bb5+ c6 7. dxc6 bxc6 8.
Qf3 Be7 9. Bd3 h6 10. Ne4 Nd5 11. Ng3 Nf4 12. Bf5 Ne6 13. Bxe6 Bxe6 14. Nf5 O-O
15. O-O Bg5 16. Nc3 Qf6 17. Ng3 Qxf3 18. gxf3 c5 19. d3 f6 20. Bxg5 hxg5 21. b3
Nc6 22. Kg2 Nd4 23. Rac1 Kf7 24. Rh1 Rh8 25. h3 Rh4 26. Nce4 Rah8 27. c3 Nc6
28. Nxc5 Bxh3+ 29. Kg1 f5 30. b4 e4 31. fxe4 Ne5 32. Rxh3 Rxh3 33. exf5 g4 34.
Rd1 g6 35. fxg6+ Kxg6 36. Kf1 Rf8 37. Nce4 Rh7 38. Ke2 Re7 39. Rh1 Rd8 40. Rh4
Nxd3 41. Rxg4+ Kf7 42. a3 Re6 43. Ke3 Nb2 44. f3 Rg8 45. Rf4+ Ke8 46. Nf5 Nc4+
47. Kd4 Nxa3 48. Kd5 Rb6 49. Nfd6+ Kd8 50. Kc5 Kc7 51. Rf7+ Kb8 52. f4 Nb5 53.
Nxb5 Rc8+ 54. Kd4 Rxb5 55. Nc5 Ka8 56. Ne6 Kb8 57. Nc5 Ka8 58. Rf6 Rbb8 59. f5
Rd8+ 60. Ke5 Rd1 61. Rd6 Re1+ 62. Kf6 Re3 63. Rd3 Rxd3 64. Nxd3 a5 65. bxa5 Rb3
66. Ne5 Rxc3 67. Ke6 Ka7 68. f6 Rc1 69. Nd3 Rc6+ 70. Ke7 Rxf6 71. Kxf6 Ka6 72.
Ke5 Kxa5 73. Ke4 1/2-1/2

[Event "BSSZ_Aranytiz_IM"]
[Site "Budapest"]
[Date "2020.08.25"]
[Round "5.4"]
[White "Bodi, Tibor"]
[Black "Zentai, Peter"]
[Result "1-0"]
[WhiteElo "2346"]
[BlackElo "2304"]
[PlyCount "97"]
[EventDate "2020.??.??"]

1. e4 e6 2. d4 d5 3. Nd2 c5 4. exd5 Qxd5 5. Ngf3 cxd4 6. Bc4 Qd7 7. O-O Nc6 8.
Nb3 Nf6 9. Nbxd4 Bc5 10. Nxc6 Qxc6 11. Qe2 O-O 12. Bf4 a6 13. Ne5 Qe4 14. Qxe4
Nxe4 15. a4 g5 16. Bc1 Kg7 17. Bd3 Nd6 18. Nc4 Nxc4 19. Bxc4 f6 20. Rd1 e5 21.
Be3 Bxe3 22. fxe3 Bf5 23. Bd5 Rab8 24. e4 Bg6 25. a5 Rfc8 26. c4 b5 27. axb6
Rxb6 28. Rdb1 Bf7 29. Ra4 Kf8 30. Kf2 Ke7 31. Ke3 Be8 32. Ra5 Rcb8 33. c5 Rxb2
34. Rxb2 Rxb2 35. Rxa6 Rxg2 36. Ra7+ Kd8 37. Kd3 Bb5+ 38. Kc3 Rxh2 39. c6 Bxc6
40. Bxc6 h5 41. Kc4 Rd2 42. Kc5 h4 43. Bd5 Ke8 44. Kd6 Kf8 45. Ke6 g4 46. Kxf6
Rf2+ 47. Kg5 g3 48. Kxh4 g2 49. Ra8+ 1-0

[Event "BSSZ_Aranytiz_IM"]
[Site "Budapest"]
[Date "2020.08.25"]
[Round "5.5"]
[White "Paszewski, Mateusz"]
[Black "Paschall, William"]
[Result "1/2-1/2"]
[WhiteElo "2243"]
[BlackElo "2329"]
[PlyCount "53"]
[EventDate "2020.??.??"]

1. d4 Nf6 2. c4 e6 3. Nc3 Bb4 4. e3 c5 5. Nge2 b6 6. a3 Ba5 7. Rb1 Na6 8. f3
O-O 9. Kf2 d5 10. cxd5 Nxd5 11. Nxd5 Qxd5 12. Nf4 Qd6 13. Bd3 Rd8 14. Qe2 b5
15. Rd1 c4 16. Bc2 e5 17. dxe5 Qxe5 18. Bd2 Bxd2 19. Rxd2 Bb7 20. Rbd1 Re8 21.
h4 Nc5 22. Rd4 Ne6 23. Nxe6 Rxe6 24. g3 Rae8 25. Be4 Qb8 26. Bxb7 Qxb7 27. Rd8
1/2-1/2

[Event "BSSZ_Aranytiz_IM"]
[Site "Budapest"]
[Date "2020.08.26"]
[Round "6.1"]
[White "Nemeth, Zoltan"]
[Black "Paschall, William"]
[Result "0-1"]
[WhiteElo "2210"]
[BlackElo "2329"]
[PlyCount "94"]
[EventDate "2020.??.??"]

1. c4 c5 2. Nc3 g6 3. g3 Bg7 4. Bg2 Nc6 5. e4 a6 6. d3 b5 7. Nge2 Rb8 8. Bf4 d6
9. Qd2 h5 10. h3 Bd7 11. Rc1 b4 12. Nd1 Qc8 13. Be3 b3 14. a3 Nd4 15. Bxd4 cxd4
16. f4 e5 17. Nf2 Qc5 18. O-O a5 19. Rce1 a4 20. Bf3 Bf6 21. Kg2 Bd8 22. Rd1
Nf6 23. Rh1 h4 24. Bg4 Bc6 25. fxe5 dxe5 26. Ng1 hxg3 27. Kxg3 Ng8 28. Nf3 Nh6
29. Qe2 Rb7 30. h4 Nxg4 31. Nxg4 f6 32. Rh2 Bd7 33. Nd2 Be6 34. Rf1 Rf7 35. Kg2
Qc8 36. Nf2 Rfh7 37. Rfh1 Qc5 38. h5 Qf8 39. Nf1 gxh5 40. Rxh5 Rg7+ 41. Kf3
Rxh5 42. Rxh5 Qg8 43. Qe1 Rg1 44. Rh2 Qg5 45. Ke2 Qf4 46. Qd2 Bg4+ 47. Nxg4
Qxf1# 0-1

[Event "BSSZ_Aranytiz_IM"]
[Site "Budapest"]
[Date "2020.08.26"]
[Round "6.2"]
[White "Zentai, Peter"]
[Black "Paszewski, Mateusz"]
[Result "1-0"]
[WhiteElo "2304"]
[BlackElo "2243"]
[PlyCount "69"]
[EventDate "2020.??.??"]

1. d4 d5 2. c4 e6 3. Nf3 Nf6 4. Nc3 c6 5. e3 Nbd7 6. Bd2 Bd6 7. Bd3 dxc4 8.
Bxc4 b5 9. Bd3 Bb7 10. Rc1 Rc8 11. O-O O-O 12. a3 a5 13. e4 e5 14. dxe5 Nxe5
15. Nxe5 Bxe5 16. Qe2 Re8 17. Rfd1 Qd6 18. g3 Qe6 19. f3 h5 20. Bf4 Bd4+ 21.
Kg2 Be5 22. Qf2 Re7 23. Bb1 Rec7 24. Rd2 Nd7 25. Rcd1 Bxf4 26. gxf4 b4 27. Rd6
Qe7 28. axb4 axb4 29. Ne2 c5 30. Ng3 g6 31. Qd2 Nf8 32. f5 Rc6 33. fxg6 fxg6
34. Ba2+ Kh7 35. Nf5 1-0

[Event "BSSZ_Aranytiz_IM"]
[Site "Budapest"]
[Date "2020.08.26"]
[Round "6.3"]
[White "Mouhamad, Joachim"]
[Black "Bodi, Tibor"]
[Result "1/2-1/2"]
[WhiteElo "2272"]
[BlackElo "2346"]
[PlyCount "80"]
[EventDate "2020.??.??"]

1. e4 c6 2. d4 d5 3. Nc3 dxe4 4. Nxe4 Nf6 5. Nxf6+ exf6 6. c3 Bf5 7. Bd3 Bxd3
8. Qxd3 Bd6 9. Ne2 O-O 10. O-O Qc7 11. g3 Nd7 12. Bf4 Rfe8 13. Rfe1 g6 14. c4
Rad8 15. Qf3 Nf8 16. Be3 f5 17. Red1 Qe7 18. c5 Bb8 19. d5 cxd5 20. Nc3 f4 21.
gxf4 d4 22. Rxd4 Ne6 23. Rxd8 Rxd8 24. Nd5 Qh4 25. Rd1 Kf8 26. h3 Nxf4 27. Bxf4
Bxf4 28. Qg4 Qxg4+ 29. hxg4 a5 30. Kg2 Bg5 31. Rd3 Be7 32. Nf4 Ke8 33. Rb3 Bxc5
34. Rxb7 Rd2 35. Nh3 Bd4 36. Rb5 Rxb2 37. Rxa5 Ke7 38. Ra6 f6 39. Ra4 Bb6 40.
Ra8 g5 1/2-1/2

[Event "BSSZ_Aranytiz_IM"]
[Site "Budapest"]
[Date "2020.08.26"]
[Round "6.4"]
[White "Farago, Ivan"]
[Black "Geher, Koppany"]
[Result "1/2-1/2"]
[WhiteElo "2348"]
[BlackElo "2326"]
[PlyCount "86"]
[EventDate "2020.??.??"]

1. d4 d5 2. c4 dxc4 3. e3 Nf6 4. Bxc4 e6 5. Nf3 c5 6. O-O a6 7. Nc3 b5 8. Be2
Bb7 9. dxc5 Bxc5 10. Qxd8+ Kxd8 11. Nd2 Ke7 12. Nb3 Bd6 13. f3 Nbd7 14. e4 Rac8
15. Be3 Rc7 16. Rfc1 Rhc8 17. Na5 Bc5 18. Bxc5+ Nxc5 19. a3 Ba8 20. Bxb5 Ncxe4
21. Bxa6 Nxc3 22. bxc3 Rb8 23. Bf1 Rc5 24. Nc4 Nd5 25. Rab1 Rxb1 26. Rxb1 Nxc3
27. Rb3 Na4 28. Rb4 Bc6 29. Kf2 Nc3 30. Ne3 Nd5 31. Rc4 Kd6 32. Rxc5 Kxc5 33.
Nxd5 exd5 34. Ke3 g5 35. Bd3 h6 36. Kd2 h5 37. Bc2 h4 38. a4 d4 39. Bd1 f5 40.
a5 g4 41. fxg4 fxg4 42. Bxg4 Bxg2 43. Be2 Be4 1/2-1/2

[Event "BSSZ_Aranytiz_IM"]
[Site "Budapest"]
[Date "2020.08.26"]
[Round "6.5"]
[White "Lyell, Mark"]
[Black "Gombocz, Ferenc Jr"]
[Result "1-0"]
[WhiteElo "2302"]
[BlackElo "2209"]
[PlyCount "107"]
[EventDate "2020.??.??"]

1. e4 e5 2. Nf3 Nc6 3. d4 exd4 4. Nxd4 Bb4+ 5. c3 Bc5 6. Be3 Bb6 7. Nf5 g6 8.
Bxb6 axb6 9. Ne3 Nf6 10. f3 O-O 11. Qd2 Re8 12. c4 Na5 13. Na3 d6 14. O-O-O Nd7
15. h4 Nc5 16. Kb1 Nc6 17. Nb5 Be6 18. h5 Qd7 19. Nc3 f5 20. Ncd5 Rf8 21. hxg6
hxg6 22. exf5 Bxf5+ 23. Nxf5 Qxf5+ 24. Bd3 Qxd3+ 25. Qxd3 Nxd3 26. Rxd3 Ne5 27.
Rd4 c6 28. Nc7 Rac8 29. Ne6 Rf6 30. Ng5 Rc7 31. Ne4 Re6 32. Rhd1 Nf7 33. Nxd6
Nxd6 34. Rxd6 Kf7 35. Rd7+ Re7 36. Rxc7 Rxc7 37. Kc2 Ke6 38. Rd4 Rh7 39. Kd3
Rh1 40. Ke3 g5 41. Kf2 Rc1 42. Re4+ Kf6 43. b3 c5 44. Re2 Rd1 45. Ke3 Ke6 46.
Rd2 Rg1 47. Kf2 Ra1 48. Kg3 Re1 49. Kg4 Re5 50. Rd8 Kf6 51. Rd6+ Kf7 52. Rxb6
Re2 53. g3 Rxa2 54. Kxg5 1-0

[Event "BSSZ_Aranytiz_IM"]
[Site "Budapest"]
[Date "2020.08.27"]
[Round "7.1"]
[White "Gombocz, Ferenc Jr"]
[Black "Nemeth, Zoltan"]
[Result "1-0"]
[WhiteElo "2209"]
[BlackElo "2210"]
[PlyCount "97"]
[EventDate "2020.??.??"]

1. c4 Nf6 2. g3 e5 3. Nc3 d5 4. cxd5 Nxd5 5. Bg2 Nb6 6. e3 Be7 7. Nge2 O-O 8.
O-O Nc6 9. f4 exf4 10. Nxf4 Ne5 11. d4 Ng6 12. e4 c6 13. Qd3 c5 14. Nxg6 hxg6
15. d5 Bd6 16. Bf4 g5 17. Bxd6 Qxd6 18. Qe3 f6 19. Nb5 Qe5 20. Qxc5 Bd7 21. Nc3
Rfc8 22. Qf2 Nc4 23. Rac1 b6 24. Rfe1 Nd6 25. Qe3 Rc5 26. Nd1 Rxc1 27. Qxc1 Rc8
28. Qd2 Rc4 29. Nf2 Rd4 30. Qc3 Nb5 31. Qe3 Ra4 32. Nd3 Qd4 33. e5 Qxe3+ 34.
Rxe3 Rxa2 35. d6 Ra1+ 36. Kf2 Kf7 37. Bd5+ Kf8 38. e6 Ke8 39. Nb4 a5 40. Nc6
Rd1 41. Bf3 Rd2+ 42. Ke1 Rxb2 43. Nb8 Nxd6 44. exd7+ Kd8 45. Re6 Rb1+ 46. Kd2
Nc4+ 47. Ke2 Rb2+ 48. Ke1 Rb1+ 49. Bd1 1-0

[Event "BSSZ_Aranytiz_IM"]
[Site "Budapest"]
[Date "2020.08.27"]
[Round "7.2"]
[White "Geher, Koppany"]
[Black "Lyell, Mark"]
[Result "1-0"]
[WhiteElo "2326"]
[BlackElo "2302"]
[PlyCount "147"]
[EventDate "2020.??.??"]

1. e4 e6 2. d4 d5 3. Nd2 Nf6 4. e5 Nfd7 5. Bd3 c5 6. c3 Nc6 7. Ne2 cxd4 8. cxd4
f6 9. exf6 Nxf6 10. O-O Bd6 11. Nf3 Qc7 12. g3 O-O 13. Bf4 Bd7 14. Rc1 Ne4 15.
Bxe4 dxe4 16. Ne5 Bxe5 17. dxe5 Rad8 18. Nc3 Qa5 19. Nxe4 Be8 20. Nd6 Qxa2 21.
Qg4 Rd7 22. Rfd1 Bg6 23. h4 Bf5 24. Nxf5 Rxd1+ 25. Qxd1 Rxf5 26. Qd7 Qb3 27.
Rc3 Qxb2 28. Qxe6+ Rf7 29. Rb3 Qa1+ 30. Kg2 Qa6 31. Qd5 Qa5 32. Rb5 Qd8 33. Qc4
Qd4 34. Qxd4 Nxd4 35. Rd5 Ne6 36. Be3 b6 37. f4 Nf8 38. Kf3 h5 39. Ke4 g6 40.
Rd6 Rd7 41. Rf6 Re7 42. Rc6 Kf7 43. Rc8 Ne6 44. Kf3 Ng7 45. g4 hxg4+ 46. Kxg4
Rd7 47. Ra8 Nf5 48. Bf2 Ke6 49. Re8+ Kf7 50. Ra8 Ke6 51. Rf8 Rf7 52. Rc8 Ne7
53. Rc1 Nd5 54. Rc6+ Ke7 55. Bg3 Rg7 56. Kg5 Kf7 57. Rd6 Ne7 58. Rd7 Ke6 59.
Rxa7 Rf7 60. Rb7 Rf5+ 61. Kg4 Nd5 62. Rb8 Kd7 63. Rb7+ Ke6 64. Rb8 Kd7 65. Kf3
Kc7 66. Ra8 b5 67. Rg8 Ne7 68. Re8 Kd7 69. Rb8 Kc6 70. Ke4 Rf7 71. Bf2 Nd5 72.
Be3 Rh7 73. Re8 Ne7 74. Bf2 1-0

[Event "BSSZ_Aranytiz_IM"]
[Site "Budapest"]
[Date "2020.08.27"]
[Round "7.3"]
[White "Bodi, Tibor"]
[Black "Farago, Ivan"]
[Result "1/2-1/2"]
[WhiteElo "2346"]
[BlackElo "2348"]
[PlyCount "155"]
[EventDate "2020.??.??"]

1. Nf3 d5 2. g3 c6 3. Bg2 Bg4 4. O-O Nf6 5. h3 Bh5 6. d4 e6 7. c4 Be7 8. Ne5
O-O 9. Nd2 Nbd7 10. g4 Bg6 11. Nxg6 hxg6 12. e4 Nxe4 13. Nxe4 dxe4 14. Bxe4 Qc7
15. Be3 Rad8 16. Qc2 Bd6 17. Rad1 Bf4 18. Bg2 g5 19. b4 Nf6 20. Rfe1 Rfe8 21.
Qc1 Re7 22. Bxf4 Qxf4 23. Qxf4 gxf4 24. g5 Nh7 25. h4 Nf8 26. Re4 Red7 27. Bh3
Rd6 28. Kf1 f3 29. Bg4 e5 30. Bxf3 exd4 31. c5 Rd5 32. Re7 R5d7 33. Rxd7 Rxd7
34. Bg4 Rd8 35. h5 g6 36. Re1 gxh5 37. Bxh5 d3 38. Re7 d2 39. Bd1 Ng6 40. Re4
Kf8 41. Ke2 f6 42. gxf6 Kf7 43. Bb3+ Kxf6 44. Re6+ Kf5 45. Kd1 Ne5 46. Rd6 Rxd6
47. cxd6 Nd7 48. Bf7 Ke5 49. Be8 Kxd6 50. Bxd7 Kxd7 51. Kxd2 c5 52. bxc5 Kc6
53. Ke3 Kxc5 54. Ke4 b5 55. Ke5 a5 56. f4 b4 57. f5 Kc6 58. Ke6 a4 59. f6 b3
60. axb3 a3 61. f7 a2 62. f8=Q a1=Q 63. Qd6+ Kb5 64. Qb8+ Kc6 65. Qe8+ Kc5 66.
Qe7+ Kc6 67. Qd7+ Kb6 68. Qd8+ Kc6 69. Qd5+ Kb6 70. Qd8+ Kc6 71. Qc8+ Kb6 72.
Qb8+ Kc6 73. Qb4 Qf1 74. Qe4+ Kc5 75. b4+ Kb5 76. Qf5+ Qxf5+ 77. Kxf5 Kxb4 78.
Ke5 1/2-1/2

[Event "BSSZ_Aranytiz_IM"]
[Site "Budapest"]
[Date "2020.08.27"]
[Round "7.4"]
[White "Paszewski, Mateusz"]
[Black "Mouhamad, Joachim"]
[Result "1/2-1/2"]
[WhiteElo "2243"]
[BlackElo "2272"]
[PlyCount "108"]
[EventDate "2020.??.??"]

1. c4 e5 2. Nc3 Nf6 3. Nf3 Nc6 4. e4 Bb4 5. d3 d6 6. a3 Bxc3+ 7. bxc3 O-O 8.
Be2 b6 9. O-O Ne7 10. Nh4 Nd7 11. f4 f6 12. f5 c6 13. Qe1 d5 14. Qg3 dxe4 15.
Bh6 Rf7 16. Bh5 Qf8 17. dxe4 Nc5 18. Qg4 Kh8 19. Bxf7 Qxf7 20. Be3 Nd3 21. Rad1
Qxc4 22. Rf3 Ba6 23. Rg3 Qf7 24. Bf2 Rd8 25. c4 h5 26. Qe2 Qxc4 27. Qxh5+ Kg8
28. Qg4 Qf7 29. Qe2 Qb3 30. Qg4 Qf7 31. Ng6 Nxg6 32. fxg6 Qa2 33. Be1 Kf8 34.
Rh3 Ke7 35. Rh7 Rg8 36. Bh4 Qe6 37. Qf3 Nf4 38. Rd2 Ke8 39. Qd1 Ke7 40. Bxf6+
Qxf6 41. Rd7+ Ke8 42. Rxa7 Bc8 43. Raxg7 Qxg7 44. Rxg7 Rxg7 45. Qd6 Rxg6 46.
Qxe5+ Ne6 47. Qb8 Kd7 48. Qxb6 Rg7 49. e5 Rg4 50. Qa7+ Kd8 51. Qb6+ Kd7 52.
Qa7+ Kd8 53. Qb6+ Kd7 54. Qa7+ Kd8 1/2-1/2

[Event "BSSZ_Aranytiz_IM"]
[Site "Budapest"]
[Date "2020.08.28"]
[Round "8.1"]
[White "Gombocz, Ferenc Jr"]
[Black "Geher, Koppany"]
[Result "1/2-1/2"]
[WhiteElo "2209"]
[BlackElo "2326"]
[PlyCount "218"]
[EventDate "2020.??.??"]

1. c4 e5 2. g3 Nf6 3. Bg2 c6 4. d4 Bb4+ 5. Bd2 Bxd2+ 6. Qxd2 d6 7. Nc3 O-O 8.
e3 Nbd7 9. Nge2 Re8 10. O-O Nb6 11. b3 e4 12. f3 exf3 13. Bxf3 Bh3 14. Rf2 Bg4
15. Bg2 d5 16. cxd5 Bxe2 17. Rxe2 Nbxd5 18. e4 Nxc3 19. Qxc3 Qb6 20. Rd1 Rad8
21. Bf3 a5 22. Kg2 Qb5 23. Qc4 Qg5 24. Rde1 Nd7 25. Qc3 Qb5 26. a4 Qb6 27. Qc4
Qc7 28. e5 Nb6 29. Qc5 Nd5 30. Rc1 Nb4 31. Rc3 Qe7 32. Qc4 Nd5 33. Rc1 Qg5 34.
Bxd5 Rxd5 35. Rf1 Qd8 36. Rf4 Re7 37. Ref2 Qd7 38. h3 h6 39. Qc3 c5 40. dxc5
Qc6 41. Qf3 Rxc5 42. Qxc6 bxc6 43. b4 Rcxe5 44. bxa5 Rxa5 45. Rc4 c5 46. Rb2
Rea7 47. Rb5 Rxa4 48. Rxa4 Rxa4 49. Rxc5 g6 50. g4 Kg7 51. Rb5 Kf6 52. Kg3 Ra3+
53. Kg2 Re3 54. Ra5 Re5 55. Ra7 h5 56. Kf3 Rb5 57. Ra3 Kg5 58. Kg3 h4+ 59. Kf3
Rb2 60. Ra5+ Kh6 61. Ra3 Rh2 62. Kf4 Rh1 63. Rf3 f6 64. Ke3 Kg5 65. Kf2 Rh2+
66. Kg1 Re2 67. Kf1 Ra2 68. Kg1 f5 69. gxf5 gxf5 70. Rb3 Rd2 71. Rb4 Re2 72.
Ra4 Re4 73. Ra3 Kf4 74. Kf2 Rb4 75. Rf3+ Ke4 76. Re3+ Kf4 77. Rf3+ Kg5 78. Ra3
Rb2+ 79. Kg1 Rb4 80. Kf2 Rd4 81. Rb3 Rd2+ 82. Kg1 Kf4 83. Rb4+ Kf3 84. Rb3+ Ke2
85. Rb4 Ke3 86. Rxh4 f4 87. Rh8 Kf3 88. Ra8 Rd1+ 89. Kh2 Re1 90. Ra4 Ke3 91.
Ra3+ Kf2 92. Ra2+ Re2 93. Ra3 Kf1+ 94. Kh1 Re3 95. Ra1+ Kf2 96. Kh2 Re1 97. Ra4
Kf3 98. h4 Kg4 99. Kg2 Re2+ 100. Kf1 Rb2 101. Ra3 Kxh4 102. Rc3 Kg4 103. Ra3
Rb1+ 104. Kg2 Rb2+ 105. Kf1 Kf5 106. Ra5+ Kg4 107. Ra3 Rb1+ 108. Kg2 Rb2+ 109.
Kf1 Rb1+ 1/2-1/2

[Event "BSSZ_Aranytiz_IM"]
[Site "Budapest"]
[Date "2020.08.28"]
[Round "8.2"]
[White "Mouhamad, Joachim"]
[Black "Paschall, William"]
[Result "1/2-1/2"]
[WhiteElo "2272"]
[BlackElo "2329"]
[PlyCount "92"]
[EventDate "2020.??.??"]

1. e4 c5 2. Nf3 Nc6 3. d4 cxd4 4. Nxd4 Nf6 5. Nc3 d6 6. Bg5 g6 7. Bxf6 exf6 8.
Bb5 Bd7 9. Nde2 Be7 10. O-O O-O 11. Nd5 f5 12. Nxe7+ Qxe7 13. exf5 Bxf5 14.
Bxc6 bxc6 15. Ng3 Qf6 16. Qf3 d5 17. c3 Kg7 18. Rad1 Bc2 19. Qxf6+ Kxf6 20. Rd4
Bf5 21. Nxf5 Kxf5 22. f3 Rfb8 23. Rf2 Ke6 24. Rfd2 Rb5 25. Kf2 Rab8 26. b3 Rc5
27. R2d3 Ra5 28. Rd2 Rc5 29. R4d3 a5 30. Re3+ Kd6 31. Rd4 Rb7 32. Red3 Re7 33.
g4 f6 34. Rf4 Ke6 35. Ke3 Rb5 36. Kd2 Kf7 37. g5 f5 38. Rh4 Kg7 39. c4 Rc5 40.
Rc3 f4 41. Rxf4 dxc4 42. Rcxc4 Rxg5 43. Rg4 Rf5 44. Rgf4 Rg5 45. Rg4 Rf5 46.
Rgf4 Rg5 1/2-1/2

[Event "BSSZ_Aranytiz_IM"]
[Site "Budapest"]
[Date "2020.08.28"]
[Round "8.3"]
[White "Farago, Ivan"]
[Black "Paszewski, Mateusz"]
[Result "0-1"]
[WhiteElo "2348"]
[BlackElo "2243"]
[PlyCount "64"]
[EventDate "2020.??.??"]

1. d4 d5 2. c4 e6 3. Nc3 Nf6 4. Nf3 dxc4 5. e3 a6 6. Bxc4 b5 7. Be2 Bb7 8. O-O
Nbd7 9. b3 c5 10. Bb2 Bd6 11. Rc1 Rc8 12. a4 b4 13. Nb1 O-O 14. Nbd2 Qe7 15.
Nc4 Bc7 16. Qd2 a5 17. Rfd1 Rfd8 18. Qe1 Ne4 19. Nfe5 cxd4 20. exd4 Nxe5 21.
Nxe5 Bxe5 22. dxe5 Nc5 23. Bc4 Rxd1 24. Qxd1 Qg5 25. Qf1 Qd2 26. Ba1 Nxb3 27.
Rd1 Qc2 28. Bd3 Qc7 29. Bxh7+ Kxh7 30. Qd3+ Kg8 31. Qxb3 Bd5 32. Qd3 Qc6 0-1

[Event "BSSZ_Aranytiz_IM"]
[Site "Budapest"]
[Date "2020.08.28"]
[Round "8.4"]
[White "Lyell, Mark"]
[Black "Bodi, Tibor"]
[Result "1-0"]
[WhiteElo "2302"]
[BlackElo "2346"]
[PlyCount "63"]
[EventDate "2020.??.??"]

1. e4 e5 2. Nf3 Nc6 3. d4 exd4 4. Nxd4 Bc5 5. Nb3 Bb6 6. Nc3 d6 7. Qe2 a5 8.
Be3 a4 9. Bxb6 axb3 10. Be3 bxa2 11. Rxa2 Rxa2 12. Nxa2 Nf6 13. Nc3 O-O 14. Qd2
Be6 15. Be2 d5 16. exd5 Nxd5 17. Nxd5 Qxd5 18. Qxd5 Bxd5 19. O-O Ra8 20. f3 Kf8
21. Re1 Be6 22. Bd3 h6 23. Bf4 Ra2 24. Rb1 Nb4 25. Be4 Bd5 26. Bd2 Nxc2 27.
Bxd5 Ra7 28. Rc1 c6 29. Rxc2 cxd5 30. Rc7 Ra1+ 31. Kf2 Rd1 32. Bb4+ 1-0

[Event "BSSZ_Aranytiz_IM"]
[Site "Budapest"]
[Date "2020.08.28"]
[Round "8.5"]
[White "Nemeth, Zoltan"]
[Black "Zentai, Peter"]
[Result "1-0"]
[WhiteElo "2210"]
[BlackElo "2304"]
[PlyCount "67"]
[EventDate "2020.??.??"]

1. c4 Nf6 2. Nc3 e6 3. e4 d5 4. cxd5 exd5 5. e5 Ne4 6. Nxe4 dxe4 7. Qa4+ Nc6 8.
Bb5 Qd5 9. d4 exd3 10. Nf3 Be7 11. O-O O-O 12. Bc4 Qd8 13. Rd1 Bf5 14. Qb5 Nb4
15. e6 fxe6 16. Bd2 Nc2 17. Rab1 Be4 18. Bc3 Bxf3 19. Qe5 Bf6 20. Qxe6+ Kh8 21.
Rxd3 Nd4 22. Bxd4 Bxd4 23. gxf3 Qh4 24. Rf1 Rf6 25. Qe4 Rg6+ 26. Kh1 Qh3 27.
Qxg6 hxg6 28. Rxd4 Re8 29. Rf4 Re5 30. Rg1 Rh5 31. Rg2 Rc5 32. Rg3 Qh5 33. Kg2
Rg5 34. Rfg4 1-0

[Event "BSSZ_Aranytiz_IM"]
[Site "Budapest"]
[Date "2020.08.29"]
[Round "9.1"]
[White "Geher, Koppany"]
[Black "Nemeth, Zoltan"]
[Result "1-0"]
[WhiteElo "2326"]
[BlackElo "2210"]
[PlyCount "65"]
[EventDate "2020.??.??"]

1. e4 c5 2. Nf3 b6 3. d4 cxd4 4. Nxd4 Bb7 5. Nc3 a6 6. Bg5 h6 7. Bh4 g5 8. Bg3
Bg7 9. Nd5 Bxd5 10. exd5 Qc8 11. Be2 d6 12. O-O Nf6 13. Bd3 Kf8 14. Nf5 Ra7 15.
c4 Nbd7 16. Re1 Nc5 17. Bc2 Nfe4 18. Rxe4 Nxe4 19. Bxe4 Bxb2 20. Rb1 Bf6 21.
Rxb6 h5 22. h3 h4 23. Bh2 Ra8 24. Qb3 Kg8 25. Rb7 Qd8 26. Bd3 Rc8 27. Qb6 Qxb6
28. Rxb6 Ra8 29. Rb7 Kf8 30. Kf1 Ke8 31. Bxd6 exd6 32. Nxd6+ Kd8 33. Bf5 1-0

[Event "BSSZ_Aranytiz_IM"]
[Site "Budapest"]
[Date "2020.08.29"]
[Round "9.2"]
[White "Bodi, Tibor"]
[Black "Gombocz, Ferenc Jr"]
[Result "0-1"]
[WhiteElo "2346"]
[BlackElo "2209"]
[PlyCount "84"]
[EventDate "2020.??.??"]

1. e4 e5 2. Nc3 Nf6 3. f4 d5 4. fxe5 Nxe4 5. Qf3 Nc6 6. Bb5 Nxc3 7. bxc3 a6 8.
Bxc6+ bxc6 9. Ne2 Be7 10. O-O O-O 11. d4 f6 12. Qg3 fxe5 13. Bh6 Rxf1+ 14. Rxf1
Bf8 15. dxe5 c5 16. Nf4 c6 17. Nh5 Ra7 18. Nf6+ Kh8 19. Bg5 Rf7 20. Qd3 gxf6
21. Bxf6+ Rxf6 22. exf6 Qe8 23. Qg3 Qf7 24. Qe5 Qe6 25. Qg5 Qg4 26. Qe5 Qe6 27.
Qg3 d4 28. Kh1 Qf7 29. Qe5 Be6 30. Rb1 Bxa2 31. Rb8 Kg8 32. cxd4 cxd4 33. Qg3+
Kh8 34. Qa3 Kg8 35. Qg3+ Kh8 36. Qd6 Kg8 37. Qxc6 Qe6 38. Qxe6+ Bxe6 39. Rb7
Bf5 40. Rc7 a5 41. Rc4 Kf7 42. Rxd4 Bxc2 0-1

[Event "BSSZ_Aranytiz_IM"]
[Site "Budapest"]
[Date "2020.08.29"]
[Round "9.3"]
[White "Paszewski, Mateusz"]
[Black "Lyell, Mark"]
[Result "1-0"]
[WhiteElo "2243"]
[BlackElo "2302"]
[PlyCount "119"]
[EventDate "2020.??.??"]

1. e4 g6 2. d4 Bg7 3. c4 d6 4. Nc3 e5 5. Nge2 Ne7 6. dxe5 dxe5 7. Qxd8+ Kxd8 8.
Be3 c6 9. O-O-O+ Ke8 10. Ng1 Nd7 11. Nf3 Nf8 12. Nd2 Ne6 13. c5 Bd7 14. Nc4 Nc8
15. b4 Rb8 16. a3 b5 17. Na5 Ke7 18. Bd3 Rd8 19. Rd2 Be8 20. Rhd1 Kf8 21. Bb1
Ne7 22. Ba2 Rxd2 23. Rxd2 Nd4 24. Ne2 Nxe2+ 25. Rxe2 Rd8 26. Kc2 f5 27. f3 f4
28. Bf2 g5 29. Nb7 Rd7 30. Nd6 Ng6 31. Be6 Re7 32. Bf5 Bf6 33. Rd2 Bd7 34. Nxb5
Bxf5 35. exf5 cxb5 36. fxg6 hxg6 37. Rd6 Kf7 38. Kd3 Re6 39. Rd7+ Re7 40. Rd6
Re6 41. Rd7+ Re7 42. Rxe7+ Kxe7 43. Ke4 Ke6 44. c6 a6 45. c7 Kd7 46. Bb6 Bg7
47. h3 Bf6 48. Kd5 Bg7 49. Ba5 Bf8 50. Kxe5 Bg7+ 51. Kd5 Bf8 52. Bb6 Bg7 53.
Bd4 Bf8 54. Be5 Be7 55. Bd6 Bf6 56. Kc5 Bb2 57. Kb6 Kc8 58. Kxa6 Bxa3 59. Kxb5
Kb7 60. Kc4 1-0

[Event "BSSZ_Aranytiz_IM"]
[Site "Budapest"]
[Date "2020.08.29"]
[Round "9.5"]
[White "Zentai, Peter"]
[Black "Mouhamad, Joachim"]
[Result "1/2-1/2"]
[WhiteElo "2304"]
[BlackElo "2272"]
[PlyCount "58"]
[EventDate "2020.??.??"]

1. d4 Nf6 2. c4 g6 3. Nc3 d5 4. Nf3 Bg7 5. e3 O-O 6. Qb3 e6 7. Bd2 Ne4 8. cxd5
Nxc3 9. bxc3 exd5 10. Be2 c6 11. O-O Nd7 12. h3 Re8 13. c4 Nb6 14. cxd5 Qxd5
15. Qxd5 cxd5 16. Rfc1 Bd7 17. Ba5 Rec8 18. Rxc8+ Rxc8 19. Bxb6 axb6 20. Rb1
Rc2 21. Bf1 Rxa2 22. Rxb6 Bc6 23. g4 h6 24. Kg2 Kf8 25. Ne1 Ke7 26. Nd3 Kd7 27.
Rb1 Bf6 28. Nb4 Ra7 29. Nxc6 bxc6 1/2-1/2